|
|
|
|
| LEADER |
00000nam a2200000 a 4500 |
| 001 |
vtls010595088 |
| 003 |
SK-MaSNL |
| 005 |
20260301215100.0 |
| 008 |
180810 1907 xo 000 0 sla |
| 040 |
|
|
|a SNK
|b slo
|c SNK
|e AACR2
|
| 041 |
0 |
|
|a sla
|
| 044 |
|
|
|a xo
|c SK
|
| 100 |
1 |
|
|a Getting, Milan Alexander,
|d 1878-1951
|4 aut
|9 38393
|
| 245 |
1 |
0 |
|a Rukoväť telocviku
|b pre sokolské sbory s upotrebením českých a iných prameňov
|c Milan Getting, Michal Polaček
|
| 250 |
|
|
|a 1 diel
|
| 260 |
|
|
|a Slovensko
|b Telocvičná slovenská jednota sokol
|c 1907
|
| 300 |
|
|
|a 150 s.
|
| 700 |
1 |
|
|a Polaček Michal
|4 aut
|9 604428
|
| 958 |
|
|
|a ONDV
|
| 999 |
|
|
|c 926826
|d 928756
|
| 952 |
|
|
|a SNK
|b SNK
|y PREZ
|7 0
|p 17A0851192
|o snkSD 423
|i snkK 2551/64
|0 0
|1 0
|4 0
|d 2014-05-06
|l 0
|r 2025-10-16 00:00:00
|w 2026-02-24
|